000 00612nam a2200205Ia 4500
003 IN-BaIIA
008 211028s9999 xx 000 0 eng d
020 _a0-89696-079-X
040 _cIIA Library
080 _a629.19
_bOLE
100 _aO'Leary, Brian
_97123
245 4 _aThe fertile stars
_cO'Leary, Brian
260 _aNew York
_bEverest House Publishers
_c1981
300 _a132p.
650 _aExtraterrestrial environments
_913222
650 _aNASA thesaurus
650 _aOrbital space stations
_913223
650 _aSpace colonies
_910792
942 _cBK
999 _c7839
_d7839